00250nam a2200097 a 4500008004100000050001600041100001700057245004400074246002500118350000900143120416s9999 xx |||||||||||||| || u aNA 9050 Reg aBencze, Imre10aRegional studiescedited by Imre Bencze amethods and analyses a0.00